History Quiz

Random History or Chinese Quiz

Borders of China (1912-) Quiz Stats

 Plays Quiz Updated Mar 13, 2018

Challenge
Share
Tweet
Embed
Score 0/42 Timer 05:00
0 Plays Today
Years Bordering Country % Correct
1917-1991Soviet Union
98%
1912-1947British India
97.9%
1912-1917Russian Empire
97.6%
1991-Russia
97.6%
1912-1921Bogd Khaanate of Mongolia
96.1%
1921-1992Mongolian People's Republic
96.1%
1992-Mongolia
96.1%
1947-India
95.7%
1912-1945Japanese Empire
95.1%
1945-1948British Burma
92.1%
1954-1976North Vietnam
91.7%
1976-Vietnam
91.5%
1945-North Korea
91.5%
1951-Nepal
88.3%
1947-Pakistan
87.4%
1954-1975Kingdom of Laos
86.5%
1975-Laos
86.5%
1943-1945State of Burma
81.9%
1948-Myanmar
81.8%
1912-1997United Kingdom
81.1%
1991-Kazakhstan
80.3%
Years Bordering Country % Correct
1912-1926Emirate of Afghanistan
78%
1926-1973Kingdom of Afghanistan
78%
1973-1978Republic of Afghanistan
78%
1978-1992Democratic Republic of Afghanistan
78%
1992-2001Islamic State of Afghanistan
78%
2001-Afghanistan
78%
1951-Bhutan
75%
1991-Tajikistan
73.2%
1912-1940French Third Republic
71.9%
1940-1944French State
71.9%
1944-1954French Fourth Republic
71.9%
1991-Kyrgyzstan
70.7%
1912-1917German Empire
63.4%
1912-1999Portugal
60.6%
1912-1951Tibet
55%
1912-1946Kingdom of Italy
46.9%
1946-1947Italy
46.9%
1912-1931Belgium
30.5%
1932-1945Manchukuo
23.7%
1912-1917Austria-Hungary
13.8%
1951-1975Sikkim
9.3%

You're not logged in!

Compare scores with friends on all Sporcle quizzes.
Join for Free
OR
Log In

You Might Also Like...

Show Comments

Extras

Top Quizzes Today


Score Distribution

Your Account Isn't Verified!

In order to create a playlist on Sporcle, you need to verify the email address you used during registration. Go to your Sporcle Settings to finish the process.

Report this User

Report this user for behavior that violates our Community Guidelines.

Details: